| 000 | 00734nam a22002057a 4500 | ||
|---|---|---|---|
| 999 |
_c6200 _d6200 |
||
| 003 | AR-CdUCM | ||
| 008 | 190313b ||||| |||| 00| 0 spa d | ||
| 040 |
_aMUNICIPALIDAD PROVINCIAL DEL CUSCO _cBIBLIOTECA MUNICIPAL DEL CUSCO |
||
| 082 |
_22.ed. _a869.56 / _bC146 |
||
| 100 |
_aCalderón Gutiérrez, Ricardo _917889 |
||
| 245 | _aToma mi corazón / | ||
| 260 |
_aLima : _bImpresiones Qosqo, _c2015. |
||
| 300 |
_a86 páginas ; _c21 cm. |
||
| 505 | _aContenido : Tres caras del amor -- Comentario -- Amor inadvertido -- Amame ahora -- Capricho de poeta -- Yo el amor ... | ||
| 650 |
_aPoesía peruana _9806 |
||
| 650 |
_aLiteratura peruana _9169 |
||
| 650 |
_aLiteratura latinoamericana _91143 |
||
| 942 |
_2ddc _cLIBROS |
||
| 945 | _arah | ||